| 000 -LEADER | |
|---|---|
| fixed length control field | 00415nam a22001697a 4500 |
| 005 - DATE AND TIME OF LATEST TRANSACTION | |
| control field | 20250414163100.0 |
| 008 - FIXED-LENGTH DATA ELEMENTS--GENERAL INFORMATION | |
| fixed length control field | 160702b xxu||||| |||| 00| 0 eng d |
| 020 ## - INTERNATIONAL STANDARD BOOK NUMBER | |
| ISBN | 978-81-272-3991-6 |
| 041 ## - LANGUAGE CODE | |
| Language code of text/sound track or separate title | eng |
| 082 ## - DEWEY DECIMAL CLASSIFICATION NUMBER | |
| Item number | 20820 |
| Classification number | 634.9 PAN- P |
| 100 ## - MAIN ENTRY--AUTHOR NAME | |
| Personal name | Pandey P H |
| 245 ## - TITLE STATEMENT | |
| Title | Principle and practice of post harvest technology |
| 260 ## - PUBLICATION, DISTRIBUTION, ETC. (IMPRINT) | |
| Name of publisher | Kalyani |
| 300 ## - PHYSICAL DESCRIPTION | |
| Number of Pages | 539 |
| 650 ## - SUBJECT ADDED ENTRY--TOPICAL TERM | |
| Topical Term | Agriculture |
| 942 ## - ADDED ENTRY ELEMENTS (KOHA) | |
| Koha item type | Books |
| Lost status | Damaged status | Collection code | Home library | Current library | Shelving location | Date acquired | Source of acquisition | Cost, normal purchase price | Full call number | Accession Number | Koha item type |
|---|---|---|---|---|---|---|---|---|---|---|---|
| Reference | JRU Library | JRU Library | SHELF-2-B | 02/07/2016 | PURCHASE | 350.00 | 664.6 | 20820 | Books | ||
| AGRICULTURE | JRU Library | JRU Library | SHELF-43-F | 02/07/2016 | 350.00 | 20820 | 20821 | Books | |||
| AGRICULTURE | JRU Library | JRU Library | SHELF-43-F | 02/07/2016 | 350.00 | 20820 | 20822 | Books | |||
| AGRICULTURE | JRU Library | JRU Library | SHELF-43-F | 02/07/2016 | PURCHASE | 350.00 | 631.55 | 20823 | Books | ||
| AGRICULTURE | JRU Library | JRU Library | SHELF-43-F | 02/07/2016 | 350.00 | 20820 | 20824 | Books | |||
| AGRICULTURE | JRU Library | JRU Library | SHELF-43-F | 10/04/2025 | PURCHASE | 525.00 | 631.36 | 28720 | Books | ||
| AGRICULTURE | JRU Library | JRU Library | SHELF-43-F | 10/04/2025 | PURCHASE | 525.00 | 631.36 | 28721 | Books | ||
| AGRICULTURE | JRU Library | JRU Library | SHELF-43-F | 10/04/2025 | PURCHASE | 525.00 | 631.36 | 28722 | Books | ||
| AGRICULTURE | JRU Library | JRU Library | SHELF-43-F | 10/04/2025 | PURCHASE | 525.00 | 631.36 | 28723 | Books | ||
| AGRICULTURE | JRU Library | JRU Library | SHELF-43-F | 10/04/2025 | PURCHASE | 525.00 | 631.36 | 28724 | Books |